000 00469nam a22001697a 4500
005 20241104165658.0
008 241104b |||||||| |||| 00| 0 eng d
020 _a9798188385538
050 _aHM425 DIC
100 _aHogan, Marj Orie
245 _aDictionary of Sociology /
_cMarj Orie Hogan
250 _a1st Ed.
260 _aNew Delhi
_aIndia
_bAcademic (India) Publishers
_cc2006
300 _a379 pages
_c21cm
650 _2Sociology
942 _2lcc
_cBK
_e1st Ed.
_n0
999 _c596
_d596